000 00665nam a22002417a 4500
003 UA-OsUOA
001 30365
007 ta
008 20041109b un ||||| |||| 00| 0 ukr d
100 _aНіжинський М. П.
090 _a929:37
_bН69
942 _cBK
040 _aUA-OsUOA
_bukr
_cUA-OsUOA
_dUA-OsUOA
245 _aЖиття і педагогічна діяльність А. С. Макаренка (творчий шлях)
300 _a296 с.
_bІлюстрації
955 _a0
041 _aukr
080 _a929:37
260 _aКиїв
_bРадянська школа
_c1958
044 _aUA
650 7 _2UDC
999 _c316776
_d316776